000 03187nam a22003975i 4500
001 978-94-017-8751-2
003 DE-He213
005 20250131142738.0
007 cr nn 008mamaa
008 140915s2014 ne | s |||| 0|eng d
020 _a9789401787512
_9978-94-017-8751-2
024 7 _a10.1007/978-94-017-8751-2
_2doi
040 _aKO
_beng
041 0 _aeng
082 0 4 _a620.0042
_223
100 1 _aPapanikolaou, Apostolos.
_eauthor.
_4aut
_4http://id.loc.gov/vocabulary/relators/aut
245 1 0 _aShip Design
_h[electronic resource] :
_bMethodologies of Preliminary Design /
_cby Apostolos Papanikolaou.
250 _a1st ed. 2014.
264 1 _aDordrecht :
_bSpringer Netherlands :
_bImprint: Springer,
_c2014.
300 _aXIII, 628 p. 575 illus., 145 illus. in color.
_bonline resource.
338 _aonline resource
505 0 _a1 General on Ship Design -- 2 Selection of Main Dimensions and Calculation of Basic Ship Design Values -- 3 Ship's Hull Form -- 4 Naval Architectural Drawings and Plans -- 5 Machinery Installation, Propulsion and Steering Devices -- 6 Estimation of Building Cost -- Appendix A: Diagrams of Regression Analysis of Basic Design Values for Merchant Ships -- Appendix B: Systematic Hull Form - Model Series -- Appendix C: Determination of Ship's Displacement with the Relational Method of Normand -- Appendix D: Historical Evolution of Shipbuilding -- Appendix E: Subdivision and Damage Stability of Ships - Historical Developments and the Way Ahead.
520 _aThis book deals with ship design and in particular with methodologies of the preliminary design of ships. The book is complemented by a basic bibliography and five appendices with useful updated charts for the selection of the main dimensions and other basic characteristics of different types of ships (Appendix A), the determination of hull form  from the data of systematic hull form series (Appendix B), the detailed description of the relational method for the preliminary estimation of ship weights (Appendix C), a brief review of the historical evolution of shipbuilding science and technology from the prehistoric era to date (Appendix D) and finally a historical review of regulatory developments of ship's damage stability to date (Appendix E).  The book can be used as textbook for ship design courses or as additional reading for university or college students of naval architecture courses and related disciplines; it may also serve as a reference book for naval architects, practicing engineers of related disciplines and ship officers, who like to enter the ship design field systematically or to use practical methodologies for the estimation of ship's main dimensions and of other ship main properties and elements of ship design.
650 0 _aEngineering design.
650 0 _aTransportation engineering.
650 0 _aTraffic engineering.
650 0 _aEngines.
650 1 4 _aEngineering Design.
650 2 4 _aTransportation Technology and Traffic Engineering.
650 2 4 _aEngine Technology.
856 4 0 _uhttps://doi.org/10.1007/978-94-017-8751-2
904 _aRUDRA_R
905 _aR_RANJAN
942 _2ddc
_cEB
999 _c3235
_d3235